000 01502nam a2200241Ia 4500
003 OSt
005 20251111154859.0
008 210210b2017 xxu||||| |||| 00| 0 eng d
040 _cAL
041 _aKannada
082 _aK894.1 NISS
100 _aNISAR AHAMAD (K S)
_9144913
_dನಿಸಾರ್ ಅಹಮದ್ (ಕೆ.ಎಸ್)
245 _aSimatitana sirivanta suggi
_bಸೀಮಾತೀತನ ಸಿರಿವಂತ ಸುಗ್ಗಿ
260 _aMaisuru
_bTalukina Venkannayya Smaraka Granthamale
_c2017
300 _axii,406
520 _aತ್ಯೋತ್ಸವ ಕವಿತೆ ಖ್ಯಾತಿಯ ಪ್ರೊ. ಕೆ.ಎಸ್. ನಿಸಾರ ಅಹಮ್ಮದ್ ಅವರ ಆಯ್ದ ಕವಿತೆಗಳ ಸಂಕಲನ-ಸೀಮಾತೀತನ ಸಿರಿವಂತ ಸುಗ್ಗಿ. ಭಾವುಕತೆಯ ನೆಲೆಯಲ್ಲಿ, ವಾಸ್ತವತೆಯ ಕಾಠಿಣ್ಯದಲ್ಲಿ ವ್ಯಂಗೋಕ್ತಿಗಳ ಮೂಲಕ ಮನುಷ್ಯನ ಹೊಣೆಗಾರಿಕೆಯನ್ನು, ನಡೆಯನ್ನು ಎಚ್ಚರಿಸುವ ಮನೋಭಾವದ ಅಂಶವಿರುವ ಕವಿಯ ಎಲ್ಲ ಕವನಗಳು ಓದುಗರನ್ನು ತಮ್ಮ ವಸ್ತು, ಶೈಲಿಯಿಂದ ಗಮನ ಸೆಳೆಯುತ್ತವೆ.
650 _asuggi
_9144914
650 _asirivanta
_9144915
650 _aSimatitana
_9144916
690 _aKannada Poetry
_9144917
906 _a071955
942 _2ddc
_cBK
999 _c121693
_d121693